00361nam a22000977a 4500040000800000082002600008100001800034245016300052260002600215300002200241 cRUA aAUA ROR 2023 A126 Or. aRORTANA CHEA, aFoodborne Bacteria In The Cambodian Meat Value Chain.Emphasis On The risk of Salmonella In Chicken And Pork From Traditional Markets to Household Consumption. aPHNOM PENHbRUAc2023 a59p.bill.c25cm,